01582nam a2200193Ia 4500008004100000020001800041050002500059110002700084245011600111246012600227250002000353260003300373300003800406500002300444500012800467505066300595650006201258650006801320120625s2011 mx l 001 0 spa d a9786074062052 4aC KGF7611 bM49 20111 aMéxico. Leyes, etc. 10aAgenda Civil del D.F. 2011 b : compendio de leyes, reglamentos y otras disposiciones conexas sobre la materia 3 aAgenda Civil del Distrito Federal 2011b : compendio de leyes, reglamentos y otras disposiciones conexas sobre la materia a20a. edición  aMéxicob : ISEF c , 2011  a[paginación varia] c ; 17 cm.  a1a. edición 2001 a"Esta edición contiene las disposiciones publicadas hasta la fecha de impresión de este producto; 03 de enero de 2011" 0 aCódigo Civil para el Distrito Federal Código de Procedimientos Civiles para el Distrito Federal Código Civil Federal Código Federal de Procedimientos Civiles Ley de Responsabilidad Civil para la Protección del Derecho a la Vida Privada, el Honor y la Popia Imagen en el Distrito Federal Reglamento del Registro Público de la Propiedad del Distrito Federal Reglamento del Registro Civil del Distrito Federal Ley del Notariado para el Distrito Federal Arancel del Notariado del Distrito Federal Convenio de Coordinación para Efectuar el Registro de Recién Nacidos en las Clínicas y Hospitales del Sector Salud en el Distrito Federal  4aDERECHO CIVILvLEYES Y LEGISLACIÓN zMÉXICO (CIUDAD)  4aPROCEDIMIENTO CIVILvLEYES Y LEGISLACIÓN zMÉXICO (CIUDAD)